| 000 | 00571nam a2200181Ia 4500 | ||
|---|---|---|---|
| 008 | 090123s9999 xx 000 0 und d | ||
| 082 | _b6870 | ||
| 100 | _aजोशी आशा | ||
| 245 | _aदर्यावर्दी सिंदबाद | ||
| 250 | _a1 | ||
| 260 | _bसेंट्रल प्रकाशन | ||
| 300 | _a72 | ||
| 600 | _aजोशी आशा | ||
| 630 | _aदर्यावर्दी सिंदबाद | ||
| 700 | _aजोशी आशा | ||
| 730 | _aदर्यावर्दी सिंदबाद | ||
| 942 | _cBOOK | ||
| 999 |
_c44935 _d44935 |
||